Music Quiz

Random Music or Lyrics Quiz

Dark Side of the Moon Album Lyrics Quiz Stats

Quiz Updated Aug 12, 2015

Also try: Pink Floyd Albums
Challenge
Share
Tweet
Embed
Score 0/135 Timer 15:00
1 Play Today
% Correct
Δ SPEAK TO ME Δ
100%
[Instumental]
99.9%
[Instumental]
99.9%
[Instumental]
99.9%
[Instrumental]
99.9%
Δ ON THE RUN Δ
99.9%
Δ THE GREAT GIG IN THE SKY Δ
99.9%
Δ ANY COLOUR YOU LIKE Δ
99.9%
Δ US AND THEM Δ
99.9%
Δ MONEY Δ
99.9%
Δ BREATHE (Reprise) Δ
99.9%
Δ TIME Δ
99.9%
Δ BREATHE Δ
99.9%
Δ ECLIPSE Δ
99.9%
Δ BRAIN DAMAGE Δ
99.9%
I'll see you on the dark side of the moon.
88%
I'll see you on the dark side of the moon.
88%
I'm all right Jack keep your hands off of my stack.
86.7%
Get out of the way, it's a busy day & I've got things on my mind
85.1%
You re-arrange me 'til I'm sane.
84.4%
When I come home cold & tired
84.2%
I like to be here when I can.
83.8%
New car, caviar, four star daydream, think I'll buy me a football team.
83.6%
Thought I'd something more to say.
83.2%
I'm in the high-fidelity first class traveling set & I think I need a Lear jet.
82.3%
Money, so they say
80.5%
Money, it's a gas.
79.6%
Money, it's a hit.
79.3%
Money, it's a crime.
79.1%
Money, get away.
79.1%
There's someone in my head but it's not me.
78.8%
& after all we're only ordinary men.
77.8%
All that's to come & everything under the sun is in tune
77.2%
Don't give me that do goody good bullsh⋆t.
77.2%
But if you ask for a rise it's no surprise that they're giving none away.
77%
So you run & you run to catch up with the sun but it's sinking
76.5%
Money, get back.
76.5%
Shorter of breath & one day closer to death.
76.2%
All that you see
75.5%
& who'll deny it's what the fighting's all about
75.4%
Is all your life will ever be.
75.4%
Don't sit down it's time to dig another one.
75.3%
No one told you when to run, you missed the starting gun.
75.1%
But the sun is eclipsed by the moon.
74.9%
& all you touch & all you see
74.3%
% Correct
All that you love
74.1%
All that you touch
74.1%
Us, & them
73.8%
Ticking away the moments that make up a dull day
73.5%
All that you say.
73.4%
Is the root of all evil today.
73.2%
You are young & life is long & there is time to kill today.
73.1%
All that you give
72.8%
All that is now
72.8%
All that is gone
72.7%
All that you hate
72.6%
& if your head explodes with dark forebodings too
72.6%
All that you taste
72.4%
All that you buy,
72.3%
All that you eat
72.2%
Every year is getting shorter never seem to find the time.
72.2%
All that you slight
72.1%
All that you deal
72%
All that you do
71.8%
It's good to warm my bones beside the fire.
71.3%
All you feel.
71.2%
Leave but don't leave me.
71.1%
Share it fairly but don't take a slice of my pie.
70.9%
God only knows it's not what we would choose to do.
70.7%
All you destroy
69.9%
All you create
69.8%
All you save.
69.3%
All you distrust
69.2%
Dig that hole, forget the sun,
68.6%
The sun is the same in a relative way but you're older,
68.2%
Breathe, breathe in the air.
68%
The time is gone, the song is over,
67.1%
Kicking around on a piece of ground in your home town
66.4%
It can't be helped, but there's a lot of it about
66.3%
& then one day you find ten years have got behind you.
65.9%
But in the end it's only round & round.
64%
Me, & you.
63.6%
& if there is no room upon the hill
63.4%
You shout & no one seems to hear.
63%
& every day the paper boy brings more.
62.7%
Look around & choose your own ground.
61.6%
Forward he cried from the rear & the front rank died.
60.5%
Don't be afraid to care.
59.9%
Grab that cash with both hands & make a stash.
59.8%
With, without
59.5%
% Correct
Racing around to come up behind you again.
59.3%
But only if you ride the tide
58.4%
& when at last the work is done
57.4%
Get a good job with good pay & you're okay.
56.4%
For long you live & high you fly
56.2%
& if the cloud bursts, thunder in your ear
56.2%
Run, rabbit run.
55%
& if the dam breaks open many years too soon
54.7%
Haven't you heard it's a battle of words, the poster bearer cried.
54.2%
Plans that either come to naught or half a page of scribbled lines
53.3%
Home, home again.
53.2%
Listen son, said the man with the gun, there's room for you inside.
53%
The lunatic is on the grass.
53%
The lunatic is in my head.
52.9%
The lunatic is in my head
52.9%
Tired of lying in the sunshine staying home to watch the rain.
52.8%
You fritter & waste the hours in an offhand way.
52.4%
Waiting for someone or something to show you the way.
52.2%
The lunatic is on the grass.
51.5%
The lunatic is in the hall.
48.7%
And if the band you're in starts playing different tunes
48.6%
Hanging on in quiet desperation is the English way
46.8%
& the general sat & the lines on the map moved from side to side.
46.4%
Up & down.
45.8%
Long you live & high you fly
45.6%
For want of the price of tea & a slice the old man died
44.5%
You lock the door & throw away the key
43.4%
Down & out
43.4%
Far away across the field
42.6%
& everyone you fight.
41.3%
To hear the softly spoken magic spells.
41.2%
Got to keep the loonies on the path.
40.4%
& everyone you meet
39.3%
The paper holds their folded faces to the floor
39%
& who knows which is which & who is who.
38.7%
& smiles you'll give & tears you'll cry
38.5%
Beg, borrow or steal.
38.3%
Calls the faithful to their knees
35.7%
You raise the blade, you make the change
34%
Black & blue
33.1%
The tolling of the iron bell
32.3%
The lunatics are in my hall.
31.7%
Remembering games & daisy chains & laughs.
27.9%
& balanced on the biggest wave
27.7%
You race towards an early grave.
27.6%

You're not logged in!

Compare scores with friends on all Sporcle quizzes.
Join for Free
OR
Log In

You Might Also Like...

Show Comments

Extras

Top Quizzes Today


Score Distribution

Your Account Isn't Verified!

In order to create a playlist on Sporcle, you need to verify the email address you used during registration. Go to your Sporcle Settings to finish the process.

Report this User

Report this user for behavior that violates our Community Guidelines.

Details: